| 000 | 00723nam a22002177a 4500 | ||
|---|---|---|---|
| 999 |
_c8559 _d8559 |
||
| 003 | AR-CdUCM | ||
| 008 | 190325b ||||| |||| 00| 0 spa d | ||
| 040 |
_aMUNICIPALIDAD PROVINCIAL DEL CUSCO _cBIBLIOTECA MUNICIPAL DEL CUSCO |
||
| 082 |
_23ed. _a818.5 / _bW87 |
||
| 100 |
_aWouk, Herman _923974 |
||
| 245 | _aEl Motin del "Caine" | ||
| 260 |
_aBarcelona : _bEdiciones Grijalbo, _c1964. |
||
| 300 |
_a669 paginas ; _c20 cm. |
||
| 500 | _aTítulo original: Don't stop the carnival. "Autor de Vientos de guerra y El motín del Caine"--Cubierta. | ||
| 650 |
_aNovelas _9218 |
||
| 650 |
_aEstados Unidos _91805 |
||
| 650 |
_aSiglo XX _98 |
||
| 700 |
_aLópez Galarza, Manuel _923975 |
||
| 942 |
_2ddc _cLIBROS |
||
| 945 | _apjha | ||